[Event "DM i Hurtigskak 2021"]
[Site "Hvidovre"]
[Date "2021.11.28"]
[Round "1"]
[White "Hector, Jonny"]
[Black "Lauritsen, Martin Lee"]
[Result "1-0"]
[WhiteElo "2508"]
[BlackElo "2139"]
[PlyCount "75"]
[EventDate "2021.11.28"]
[EventType "swiss (rapid)"]
[EventRounds "7"]
[EventCountry "DEN"]

1. e4 c5 2. Nf3 e6 3. d4 cxd4 4. Nxd4 Nf6 5. Nc3 Nc6 6. Nxc6 bxc6 7. Bd3 d5 8.
O-O Be7 9. Qe2 O-O 10. b3 d4 11. Nb1 e5 12. Nd2 c5 13. Nc4 Nd7 14. Bd2 Kh8 15.
Na5 Qc7 16. Bc4 Nb6 17. f4 Nxc4 18. Nxc4 exf4 19. Bxf4 Qc6 20. Rae1 Ba6 21. Rf3
Rae8 22. Rh3 Bc8 23. Rh5 g6 24. Rh6 Bf6 25. Bd6 Rg8 26. g4 Ba6 27. Qf3 Bg5 28.
Ne5 Rxe5 29. Bxe5+ f6 30. Bf4 Bxh6 31. Bxh6 g5 32. Qf5 Bc8 33. Qd5 Qc7 34. e5
Re8 35. Qf3 fxe5 36. Qf6+ Kg8 37. Qxg5+ Kh8 38. Rf1 1-0

[Event "DM i Hurtigskak 2021"]
[Site "Hvidovre"]
[Date "2021.11.28"]
[Round "1"]
[White "Gregor, Bjarke"]
[Black "Andersen, Mads"]
[Result "0-1"]
[WhiteElo "2085"]
[BlackElo "2491"]
[PlyCount "40"]
[EventDate "2021.11.28"]
[EventType "swiss (rapid)"]
[EventRounds "7"]
[EventCountry "DEN"]

1. e4 e5 2. Nf3 Nc6 3. Bc4 Nf6 4. d3 Bc5 5. c3 a6 6. O-O d6 7. a4 Ba7 8. Re1
O-O 9. h3 h6 10. Nbd2 Re8 11. Qc2 Be6 12. Bxe6 Rxe6 13. b4 Qd7 14. Nf1 d5 15.
Ng3 Rd8 16. b5 Na5 17. exd5 Qxd5 18. c4 Qxd3 19. Qxd3 Rxd3 20. Nxe5 Rxg3 0-1

[Event "DM i Hurtigskak 2021"]
[Site "Hvidovre"]
[Date "2021.11.28"]
[Round "1"]
[White "Thybo, Jesper Sondergaard"]
[Black "Eriksson, Christian Altenburg"]
[Result "1-0"]
[WhiteElo "2480"]
[BlackElo "2078"]
[PlyCount "71"]
[EventDate "2021.11.28"]
[EventType "swiss (rapid)"]
[EventRounds "7"]
[EventCountry "DEN"]

1. Nf3 c5 2. c4 g6 3. d4 cxd4 4. Nxd4 Nc6 5. e4 Nf6 6. Nc3 d6 7. Be2 Nxd4 8.
Qxd4 Bg7 9. Bg5 O-O 10. Qe3 Qb6 11. Qxb6 axb6 12. f3 Be6 13. Kd2 h6 14. Be3 Nd7
15. a4 f5 16. exf5 gxf5 17. f4 Nc5 18. Ra3 Rfc8 19. Rc1 Ne4+ 20. Kc2 Nxc3 21.
bxc3 Bxc4 22. Bf3 d5 23. Bxb6 e6 24. a5 Bf8 25. Ra4 Bd6 26. g3 Bb5 27. Raa1 Bc5
28. Rcb1 Ba6 29. Kd2 Kf7 30. g4 fxg4 31. Bxg4 Rc6 32. Bxc5 Rxc5 33. Rb6 Rc6 34.
Re1 Rxb6 35. axb6 Re8 36. Bh5+ 1-0

[Event "DM i Hurtigskak 2021"]
[Site "Hvidovre"]
[Date "2021.11.28"]
[Round "1"]
[White "Bjerre, Jonas Buhl"]
[Black "Yssing, Klaus"]
[Result "1-0"]
[WhiteElo "2434"]
[BlackElo "2032"]
[PlyCount "61"]
[EventDate "2021.11.28"]
[EventType "swiss (rapid)"]
[EventRounds "7"]
[EventCountry "DEN"]

1. Nf3 Nf6 2. g3 g6 3. Bg2 Bg7 4. O-O O-O 5. c4 d6 6. Nc3 e5 7. d4 Nc6 8. dxe5
Nxe5 9. Qb3 Re8 10. Nxe5 Rxe5 11. Bf4 Re8 12. Rfd1 Nh5 13. Bd2 Rb8 14. Nd5 Rxe2
15. Bc3 c6 16. Ne3 Bxc3 17. Qxc3 Qf6 18. Qxf6 Nxf6 19. Rxd6 Be6 20. Rb1 Re8 21.
Bf3 Rxe3 22. fxe3 Kg7 23. b3 h5 24. Rbd1 Kh6 25. Rd8 Re7 26. Ra8 a6 27. Ra7 Kg5
28. Bxc6 Bg4 29. Re1 Rc7 30. Bg2 h4 31. Rxb7 1-0

[Event "DM i Hurtigskak 2021"]
[Site "Hvidovre"]
[Date "2021.11.28"]
[Round "1"]
[White "Meskenas, Paulius"]
[Black "Bromann, Thorbjorn"]
[Result "0-1"]
[WhiteElo "2029"]
[BlackElo "2419"]
[PlyCount "88"]
[EventDate "2021.11.28"]
[EventType "swiss (rapid)"]
[EventRounds "7"]
[EventCountry "DEN"]

1. e4 g6 2. d4 Bg7 3. Be3 d6 4. c3 Nc6 5. Bb5 Bd7 6. Nd2 e5 7. Ngf3 a6 8. Ba4
b5 9. Bc2 Nf6 10. h3 O-O 11. O-O Nh5 12. Nb3 h6 13. dxe5 dxe5 14. Nc5 Bc8 15.
Bb3 Na5 16. Qxd8 Rxd8 17. Rad1 Re8 18. Rd2 Bf8 19. Rd5 Nxb3 20. Nxb3 Bb7 21.
Rxe5 Bxe4 22. Nbd2 Bb7 23. Re1 Rxe5 24. Nxe5 Nf6 25. Ndf3 Rd8 26. Nd4 c5 27.
Nb3 Rd5 28. f4 Rd8 29. Bxc5 Bd5 30. Bxf8 Kxf8 31. Nd4 b4 32. Ndc6 Bxc6 33. Nxc6
Rd2 34. Nxb4 Rxb2 35. Re5 Nh5 36. Nd5 Rxa2 37. Kh2 a5 38. c4 Rd2 39. c5 f6 40.
Rxh5 gxh5 41. Nxf6 Ke7 42. Ne4 Rc2 43. f5 a4 44. f6+ Kf7 0-1

[Event "DM i Hurtigskak 2021"]
[Site "Hvidovre"]
[Date "2021.11.28"]
[Round "1"]
[White "Kristensen, Kaare Hove"]
[Black "Sorensen, Reto Utiger"]
[Result "1/2-1/2"]
[WhiteElo "2277"]
[BlackElo "2024"]
[PlyCount "59"]
[EventDate "2021.11.28"]
[EventType "swiss (rapid)"]
[EventRounds "7"]
[EventCountry "DEN"]

1. Nf3 d5 2. d4 Nf6 3. c4 e6 4. g3 Be7 5. Bg2 dxc4 6. O-O Nc6 7. Qa4 O-O 8.
Qxc4 Bd7 9. Nc3 a6 10. Ne5 Na5 11. Qd3 c5 12. dxc5 Bxc5 13. Bg5 Be8 14. Qxd8
Rxd8 15. Ng4 Be7 16. Ne4 Nd5 17. Bxe7 Nxe7 18. Nc5 Bc6 19. Bxc6 Nexc6 20. Rfd1
Rd4 21. Rxd4 Nxd4 22. Kf1 Rc8 23. Rc1 b6 24. Nd3 Rxc1+ 25. Nxc1 Kf8 26. Ne5 Ke7
27. e3 Ndc6 28. Ncd3 f6 29. Nxc6+ Nxc6 30. Ke2 1/2-1/2

[Event "DM i Hurtigskak 2021"]
[Site "Hvidovre"]
[Date "2021.11.28"]
[Round "1"]
[White "Olesen, Poul Erik Norgaard"]
[Black "Laursen, Niels Norskov"]
[Result "1/2-1/2"]
[WhiteElo "1993"]
[BlackElo "2250"]
[PlyCount "69"]
[EventDate "2021.11.28"]
[EventType "swiss (rapid)"]
[EventRounds "7"]
[EventCountry "DEN"]

1. e4 d6 2. d4 Nf6 3. Nc3 g6 4. Be2 Bg7 5. Be3 c6 6. Qd2 Qa5 7. f4 b5 8. e5 b4
9. exf6 bxc3 10. fxg7 cxd2+ 11. Bxd2 Qxd2+ 12. Kxd2 Rg8 13. h4 h5 14. Bf3 Rxg7
15. Nh3 Bxh3 16. Rxh3 d5 17. g4 hxg4 18. Bxg4 e6 19. Rg1 Nd7 20. Bf3 O-O-O 21.
h5 Rh7 22. Rgh1 Rdh8 23. Bg4 gxh5 24. Rxh5 Nf6 25. Rxh7 Rxh7 26. Rxh7 Nxh7 27.
Bh5 f5 28. Kc3 Nf6 29. Bf3 Kc7 30. Kb4 Kb6 31. c4 Ng4 32. c5+ Kc7 33. Kc3 Nf2
34. Kd2 Ne4+ 35. Ke3 1/2-1/2

[Event "DM i Hurtigskak 2021"]
[Site "Hvidovre"]
[Date "2021.11.28"]
[Round "2"]
[White "Bromann, Thorbjorn"]
[Black "Hector, Jonny"]
[Result "0-1"]
[WhiteElo "2419"]
[BlackElo "2508"]
[PlyCount "90"]
[EventDate "2021.11.28"]
[EventType "swiss (rapid)"]
[EventRounds "7"]
[EventCountry "DEN"]

1. b3 e5 2. Bb2 Nc6 3. e3 d5 4. Bb5 Bd6 5. Nf3 Qe7 6. d4 e4 7. Ne5 Bxe5 8. dxe5
Be6 9. Nc3 Qg5 10. Bxc6+ bxc6 11. Qd4 Ne7 12. O-O-O O-O 13. Qc5 Rfe8 14. f4
Qxg2 15. h4 Nf5 16. Kb1 Qf3 17. Bc1 d4 18. exd4 e3 19. Rhf1 Qh5 20. Rde1 Qxh4
21. Bxe3 Qh3 22. Bg1 Rad8 23. Qxc6 Rf8 24. Rd1 Ne7 25. Qe4 Qxc3 26. f5 Bxf5 27.
Rxf5 Nxf5 28. Qxf5 a5 29. Bf2 a4 30. Rd3 Qc6 31. Rg3 a3 32. Be3 Rfe8 33. Bc1
Rxd4 34. Qg5 Qg6 35. Qe3 Rg4 36. Rf3 Rg2 37. Qc3 h5 38. Bxa3 h4 39. Qxc7 Qe6
40. Bb2 h3 41. Rf1 Rc8 42. Qa5 h2 43. Qe1 Rcxc2 44. Bd4 Rxa2 45. Qh4 Qxb3+ 0-1

[Event "DM i Hurtigskak 2021"]
[Site "Hvidovre"]
[Date "2021.11.28"]
[Round "2"]
[White "Andersen, Mads"]
[Black "Nielsen, Viktor Haarmark"]
[Result "1-0"]
[WhiteElo "2491"]
[BlackElo "2241"]
[PlyCount "119"]
[EventDate "2021.11.28"]
[EventType "swiss (rapid)"]
[EventRounds "7"]
[EventCountry "DEN"]

1. d4 Nf6 2. c4 g6 3. Nc3 d5 4. Bf4 Bg7 5. e3 O-O 6. cxd5 Nxd5 7. Nxd5 Qxd5 8.
Bxc7 Nc6 9. Ne2 e5 10. Nc3 Qd7 11. Bxe5 Nxe5 12. dxe5 Bxe5 13. Qxd7 Bxd7 14.
Bd3 Bxc3+ 15. bxc3 Rac8 16. Rc1 Rc5 17. Ke2 Rfc8 18. Rhd1 Be6 19. Kd2 Bxa2 20.
Ra1 Bb3 21. Rdc1 Rd8 22. Ke2 a6 23. Rab1 Bd5 24. f3 Rd7 25. Rb4 Rdc7 26. Kd2
Be6 27. e4 Kg7 28. Rb6 h5 29. h4 Ra5 30. Rc2 Ra1 31. Ke3 Ra3 32. Kd2 Rd7 33.
Ke2 Ra1 34. Rbb2 Rg1 35. Ke3 Rd1 36. Be2 Rh1 37. c4 Ra1 38. c5 a5 39. c6 bxc6
40. Rxc6 a4 41. Ra6 a3 42. Rc2 Rb7 43. Bc4 Rc7 44. Bxe6 Rxc2 45. Ra7 Kf6 46.
Bd5 Rxg2 47. Kf4 Kg7 48. Rxf7+ Kh6 49. Ra7 g5+ 50. hxg5+ Rxg5 51. e5 Rg7 52.
Ra6+ Kh7 53. Be4+ Kh8 54. e6 h4 55. Ra8+ Rg8 56. Ra7 Rf8+ 57. Ke5 Re1 58. e7
Re8 59. Kf6 h3 60. Ra5 1-0

[Event "DM i Hurtigskak 2021"]
[Site "Hvidovre"]
[Date "2021.11.28"]
[Round "2"]
[White "Kistrup, Nicolai"]
[Black "Thybo, Jesper Sondergaard"]
[Result "0-1"]
[WhiteElo "2229"]
[BlackElo "2480"]
[PlyCount "118"]
[EventDate "2021.11.28"]
[EventType "swiss (rapid)"]
[EventRounds "7"]
[EventCountry "DEN"]

1. d4 Nf6 2. c4 g6 3. Nc3 d5 4. cxd5 Nxd5 5. e4 Nxc3 6. bxc3 Bg7 7. Nf3 c5 8.
Be3 Qa5 9. Qd2 O-O 10. Rc1 Bg4 11. d5 b5 12. Be2 Nd7 13. O-O Rad8 14. Rfd1 a6
15. h3 Bxf3 16. Bxf3 c4 17. Bd4 Bxd4 18. Qxd4 Qb6 19. Be2 Qxd4 20. Rxd4 Nc5 21.
f4 f6 22. Kf2 Rd6 23. Ke3 e5 24. dxe6 Rxe6 25. Bf3 Rfe8 26. Rcd1 Nd3 27. Rd2
Nc5 28. g3 Kf8 29. Rd6 Na4 30. Rxe6 Rxe6 31. Rc2 Rd6 32. Rd2 Re6 33. Rc2 Ke7
34. Be2 Nc5 35. Bf3 Nxe4 36. Bxe4 f5 37. Kd4 Rxe4+ 38. Kc5 Re3 39. Kb6 Kd6 40.
Kxa6 Kc6 41. Ka5 Rxg3 42. Kb4 Rxh3 43. Re2 Rh1 44. Re6+ Kd7 45. Ra6 Rb1+ 46.
Kc5 Ke8 47. Ra7 h5 48. Kd6 b4 49. cxb4 c3 50. Rc7 Rxb4 51. Rxc3 Kf7 52. Rc7+
Kf6 53. Kd5 Rxf4 54. Rc6+ Kg7 55. Rc1 Ra4 56. Rc2 h4 57. Ke5 Re4+ 58. Kd5 g5
59. Rf2 Kg6 0-1

[Event "DM i Hurtigskak 2021"]
[Site "Hvidovre"]
[Date "2021.11.28"]
[Round "2"]
[White "Vasli, Aref"]
[Black "Ostergaard, Jens"]
[Result "1/2-1/2"]
[WhiteElo "2466"]
[BlackElo "2210"]
[PlyCount "200"]
[EventDate "2021.11.28"]
[EventType "swiss (rapid)"]
[EventRounds "7"]
[EventCountry "DEN"]

1. Nf3 Nf6 2. d4 e6 3. Bf4 d5 4. e3 c5 5. Nbd2 Nc6 6. c3 Bd6 7. Bg3 O-O 8. Bb5
Qc7 9. dxc5 Bxg3 10. hxg3 e5 11. Qa4 e4 12. Nd4 Ne5 13. N2b3 Bd7 14. O-O a6 15.
Bxd7 Nfxd7 16. Nf5 Rfe8 17. Qd4 Nf6 18. Nd6 Re6 19. Nd2 b6 20. b4 Nc6 21. cxb6
Qxd6 22. Qc5 Qe5 23. c4 Qh5 24. f3 exf3 25. Nxf3 dxc4 26. Nd4 Nxd4 27. exd4 Qd5
28. Rxf6 Qxc5 29. bxc5 gxf6 30. d5 Ree8 31. b7 Rab8 32. c6 Kf8 33. d6 Rxb7 34.
cxb7 Rb8 35. Rc1 Rxb7 36. Rxc4 Ke8 37. Rc6 a5 38. Ra6 Rb1+ 39. Kh2 Kd7 40. Kh3
f5 41. Kh2 Rb2 42. Rxa5 Kxd6 43. Rxf5 Rxa2 44. Rxf7 Ke6 45. Rxh7 Kf6 46. Rb7
Kg5 47. Rb5+ Kg4 48. Rb4+ Kg5 49. Kh3 Ra5 50. g4 Ra3+ 51. g3 Ra5 52. Rf4 Ra1
53. Rf5+ Kg6 54. Rb5 Ra2 55. Rc5 Rb2 56. Rc6+ Kg5 57. Rc8 Rb1 58. Rg8+ Kf6 59.
Rf8+ Kg5 60. Rf5+ Kg6 61. Kg2 Rb2+ 62. Kh3 Rb1 63. Re5 Rb4 64. Kh4 Rb6 65. Rc5
Ra6 66. Rg5+ Kf6 67. Rh5 Kg6 68. Rf5 Ra1 69. Kh3 Rb1 70. Rc5 Rb2 71. Rc8 Rb1
72. Rg8+ Kf7 73. Rg5 Kf6 74. Rf5+ Kg6 75. Kg2 Rb2+ 76. Kh3 Rb1 77. Rc5 Rb2 78.
g5 Kh5 79. Ra5 Rb3 80. Ra8 Kxg5 81. Ra5+ Kg6 82. Kh4 Rb4+ 83. g4 Kg7 84. Ra7+
Kg6 85. Ra6+ Kg7 86. Kh5 Rb1 87. Ra7+ Kg8 88. Rc7 Ra1 89. g5 Ra6 90. Re7 Rb6
91. Kg4 Ra6 92. Kf4 Rb6 93. Kf5 Ra6 94. Rd7 Rb6 95. Rc7 Ra6 96. Rc8+ Kg7 97.
Rc7+ Kg8 98. g6 Ra1 99. Rc8+ Kg7 100. Rc7+ Kg8 1/2-1/2

[Event "DM i Hurtigskak 2021"]
[Site "Hvidovre"]
[Date "2021.11.28"]
[Round "2"]
[White "Schmidt, Tommy B"]
[Black "Bjerre, Jonas Buhl"]
[Result "0-1"]
[WhiteElo "2164"]
[BlackElo "2434"]
[PlyCount "64"]
[EventDate "2021.11.28"]
[EventType "swiss (rapid)"]
[EventRounds "7"]
[EventCountry "DEN"]

1. Nf3 Nf6 2. g3 g6 3. Bg2 Bg7 4. O-O O-O 5. d4 c5 6. d5 d6 7. c4 e6 8. Nc3
exd5 9. cxd5 Re8 10. Nd2 a6 11. a4 Nbd7 12. Nc4 Ne5 13. Nxe5 Rxe5 14. Bf4 Re8
15. e4 Ng4 16. Qb3 Rb8 17. Qa3 Ne5 18. Rad1 b5 19. axb5 axb5 20. b4 c4 21. Bxe5
Bxe5 22. f4 Bg7 23. Kh1 Bg4 24. Rd2 Qb6 25. f5 gxf5 26. h3 Bh5 27. Rxf5 Qe3 28.
Nb1 c3 29. Rdf2 Ra8 30. Qb3 Ra1 31. g4 Bg6 32. R5f3 Qxe4 0-1

[Event "DM i Hurtigskak 2021"]
[Site "Hvidovre"]
[Date "2021.11.28"]
[Round "2"]
[White "Jarlskov, Daniel Tuk Hartso"]
[Black "Kristensen, Kaare Hove"]
[Result "1/2-1/2"]
[WhiteElo "1940"]
[BlackElo "2277"]
[PlyCount "121"]
[EventDate "2021.11.28"]
[EventType "swiss (rapid)"]
[EventRounds "7"]
[EventCountry "DEN"]

1. c4 Nf6 2. Nc3 c5 3. b3 Nc6 4. Bb2 e6 5. Nf3 d5 6. cxd5 exd5 7. d4 Bg4 8. e3
cxd4 9. exd4 Bxf3 10. Qxf3 Nxd4 11. Qe3+ Qe7 12. Qxe7+ Bxe7 13. O-O-O Nc6 14.
Nxd5 Nxd5 15. Rxd5 O-O 16. Bb5 Rac8 17. Kb1 Rfd8 18. Rhd1 Kf8 19. Rd7 f6 20.
Bxc6 bxc6 21. Kc2 Rxd7 22. Rxd7 Bc5 23. f3 Bb6 24. Ba3+ Kg8 25. Kc3 Rd8 26.
Rxd8+ Bxd8 27. Kc4 Kf7 28. Bd6 Ke6 29. Bc5 a6 30. Bf8 g6 31. Kc5 Kd7 32. Bh6
Bc7 33. h3 f5 34. Bf8 Bd8 35. Bd6 Ba5 36. Bf4 Bd8 37. Bh6 Bc7 38. f4 Bd8 39. g3
Bc7 40. Bg7 h5 41. Bf6 Ba5 42. b4 Bc7 43. a3 a5 44. Be5 Bxe5 45. fxe5 axb4 46.
axb4 g5 47. e6+ Kxe6 48. Kxc6 f4 49. gxf4 gxf4 50. b5 f3 51. b6 f2 52. b7 f1=Q
53. b8=Q Qc4+ 54. Kb7 Qb5+ 55. Kc7 Qxb8+ 56. Kxb8 Kf5 57. Kc7 h4 58. Kd6 Kf4
59. Kd5 Kg3 60. Ke4 Kxh3 61. Kf3 1/2-1/2

[Event "DM i Hurtigskak 2021"]
[Site "Hvidovre"]
[Date "2021.11.28"]
[Round "2"]
[White "Laursen, Niels Norskov"]
[Black "Pedersen, Jan Nordenbaek"]
[Result "1-0"]
[WhiteElo "2250"]
[BlackElo "2180"]
[PlyCount "99"]
[EventDate "2021.11.28"]
[EventType "swiss (rapid)"]
[EventRounds "7"]
[EventCountry "DEN"]

1. e4 c5 2. Nf3 Nc6 3. Bb5 g6 4. O-O Bg7 5. c3 Nf6 6. Re1 O-O 7. h3 a6 8. Bxc6
bxc6 9. d4 cxd4 10. cxd4 d5 11. e5 Ne4 12. Nbd2 Nxd2 13. Bxd2 Qb6 14. a3 a5 15.
Qc1 Bf5 16. b4 a4 17. Be3 f6 18. exf6 exf6 19. Qd2 Rfe8 20. Rec1 Be4 21. Ne1 f5
22. Rc5 Bf8 23. f3 Bxc5 24. dxc5 Qa6 25. fxe4 Rxe4 26. Nf3 Rae8 27. Re1 Qc4 28.
Bf2 f4 29. Rf1 d4 30. Ng5 Re3 31. Rd1 d3 32. Bxe3 fxe3 33. Qxd3 Qxd3 34. Rxd3
e2 35. Nf3 e1=Q+ 36. Nxe1 Rxe1+ 37. Kf2 Ra1 38. Rd6 Rxa3 39. Rxc6 Rb3 40. Rb6
Kf8 41. b5 a3 42. c6 Ke7 43. Rb7+ Kd8 44. b6 a2 45. c7+ Kd7 46. Rb8 Rc3 47.
Rd8+ Ke7 48. Ra8 Rc2+ 49. Kg3 Kd7 50. b7 1-0

[Event "DM i Hurtigskak 2021"]
[Site "Hvidovre"]
[Date "2021.11.28"]
[Round "2"]
[White "Ramkilde, Mikael"]
[Black "Jorgensen, Dennis"]
[Result "0-1"]
[WhiteElo "1924"]
[BlackElo "2220"]
[PlyCount "140"]
[EventDate "2021.11.28"]
[EventType "swiss (rapid)"]
[EventRounds "7"]
[EventCountry "DEN"]

1. e4 c6 2. d4 d5 3. e5 Bf5 4. Nf3 e6 5. Be2 h6 6. O-O Ne7 7. Nbd2 Nd7 8. c4
dxc4 9. Nxc4 Nd5 10. Nd6+ Bxd6 11. exd6 N7b6 12. Ne5 Qxd6 13. Bh5 O-O 14. g4
Bh7 15. Qf3 Nf6 16. Bxh6 Nxh5 17. gxh5 f6 18. Qg2 Qc7 19. Nf3 Kh8 20. Be3 Rad8
21. Nh4 Rf7 22. Ng6+ Kg8 23. Qg4 Qd7 24. Rad1 Qd5 25. Nf4 Qf5 26. Qg3 Nd5 27.
h6 Nxf4 28. Bxf4 g5 29. Bc1 Kh8 30. Rfe1 Rfd7 31. Qe3 Qg4+ 32. Kf1 Bf5 33. b3
Kh7 34. Bb2 Kg6 35. Qc3 Qh3+ 36. Ke2 Qxc3 37. Bxc3 Kxh6 38. Ke3 Kg6 39. Rg1 Rh8
40. Rg2 Rh3+ 41. f3 Rdh7 42. Rdd2 Kf7 43. Rdf2 g4 44. Ke2 gxf3+ 45. Rxf3 Rxf3
46. Kxf3 Rh3+ 47. Rg3 Rxh2 48. a4 Rh1 49. b4 Rb1 50. Ke2 a6 51. a5 Rc1 52. Kd2
Rc2+ 53. Kd1 Rh2 54. Kc1 Be4 55. Bd2 Rh1+ 56. Kb2 Rb1+ 57. Kc3 Bd5 58. Rg4 Rb3+
59. Kc2 Rh3 60. Rg1 Be4+ 61. Kb2 f5 62. Re1 Bd5 63. Rg1 Rh4 64. Kc3 f4 65. Rf1
Rh3+ 66. Kb2 f3 67. Be3 Kf6 68. Kc3 Kf5 69. Kd2 Ke4 70. Rf2 Rh1 0-1

[Event "DM i Hurtigskak 2021"]
[Site "Hvidovre"]
[Date "2021.11.28"]
[Round "3"]
[White "Hector, Jonny"]
[Black "Thybo, Jesper Sondergaard"]
[Result "1-0"]
[WhiteElo "2508"]
[BlackElo "2480"]
[PlyCount "82"]
[EventDate "2021.11.28"]
[EventType "swiss (rapid)"]
[EventRounds "7"]
[EventCountry "DEN"]

1. e4 e5 2. Nf3 Nc6 3. Nc3 Nf6 4. d4 exd4 5. Nd5 Be7 6. Bc4 d6 7. Nxd4 Nxd4 8.
Qxd4 Nxd5 9. Bxd5 Bf6 10. Qd3 O-O 11. O-O Be6 12. Bxb7 Rb8 13. Qa6 c5 14. c3
Qc7 15. Bd5 Bxd5 16. exd5 c4 17. Bf4 Rb6 18. Qa3 Qb7 19. Bxd6 Ra6 20. Bxf8 Rxa3
21. Bxa3 Qxd5 22. Rad1 Qf5 23. Rfe1 h5 24. Rd2 h4 25. h3 g5 26. Rde2 Qd5 27.
Be7 Bg7 28. f4 gxf4 29. Bxh4 f3 30. gxf3 Qxf3 31. Rg2 Kh7 32. Rf1 Qh5 33. Bf2
a5 34. Bd4 Bxd4+ 35. cxd4 f5 36. d5 Qh4 37. Rxf5 Qd4+ 38. Kh2 Kh6 39. Rgf2 a4
40. a3 Kg6 41. Rf6+ Kg7 1-0

[Event "DM i Hurtigskak 2021"]
[Site "Hvidovre"]
[Date "2021.11.28"]
[Round "3"]
[White "Bjerre, Jonas Buhl"]
[Black "Andersen, Mads"]
[Result "1-0"]
[WhiteElo "2434"]
[BlackElo "2491"]
[PlyCount "83"]
[EventDate "2021.11.28"]
[EventType "swiss (rapid)"]
[EventRounds "7"]
[EventCountry "DEN"]

1. e4 e5 2. Nf3 Nc6 3. Bb5 Nge7 4. Nc3 Ng6 5. d4 exd4 6. Nxd4 Nxd4 7. Qxd4 c6
8. Be2 Qb6 9. Qd3 Be7 10. O-O O-O 11. a4 d6 12. a5 Qc7 13. f4 f5 14. Qc4+ Kh8
15. Nd5 Qd8 16. Nxe7 Qxe7 17. Bd3 a6 18. Bd2 fxe4 19. Qxe4 Qxe4 20. Bxe4 Bf5
21. Bxf5 Rxf5 22. Rae1 Raf8 23. g4 Rd5 24. Bc3 Kg8 25. Re4 h5 26. f5 Ne5 27. g5
c5 28. h4 Ng4 29. f6 gxf6 30. gxf6 Rf7 31. Re7 Ne5 32. Rf5 Kf8 33. Bxe5 dxe5
34. Rexe5 Rd1+ 35. Kf2 Rd2+ 36. Ke3 Rxc2 37. Rd5 Rc7 38. Rxh5 Rc6 39. Rh7 Re6+
40. Kd3 Rce2 41. Rd8+ Re8 42. Rh8+ 1-0

[Event "DM i Hurtigskak 2021"]
[Site "Hvidovre"]
[Date "2021.11.28"]
[Round "3"]
[White "Jorgensen, Dennis"]
[Black "Vasli, Aref"]
[Result "0-1"]
[WhiteElo "2220"]
[BlackElo "2466"]
[PlyCount "56"]
[EventDate "2021.11.28"]
[EventType "swiss (rapid)"]
[EventRounds "7"]
[EventCountry "DEN"]

1. d4 Nf6 2. Nf3 e6 3. c4 c5 4. e3 d5 5. a3 Nc6 6. dxc5 Bxc5 7. b4 Bd6 8. Bb2
O-O 9. Nbd2 Qe7 10. Be2 Rd8 11. Qb3 Bc7 12. O-O e5 13. cxd5 Nxd5 14. Ne4 a6 15.
Rac1 Be6 16. Qc2 Bf5 17. Nfd2 Bb6 18. Qb3 Be6 19. Qc2 Rac8 20. Nc5 Ncxb4 21.
axb4 Nxb4 22. Qc3 Bxc5 23. Qxe5 f6 24. Qxe6+ Qxe6 25. Bc4 Nd5 26. e4 Bxf2+ 27.
Rxf2 Rxc4 28. Rxc4 Ne3 0-1

[Event "DM i Hurtigskak 2021"]
[Site "Hvidovre"]
[Date "2021.11.28"]
[Round "3"]
[White "Ostergaard, Jens"]
[Black "Laursen, Niels Norskov"]
[Result "0-1"]
[WhiteElo "2210"]
[BlackElo "2250"]
[PlyCount "90"]
[EventDate "2021.11.28"]
[EventType "swiss (rapid)"]
[EventRounds "7"]
[EventCountry "DEN"]

1. d4 Nf6 2. Nf3 g6 3. c4 Bg7 4. Nc3 d5 5. cxd5 Nxd5 6. e4 Nxc3 7. bxc3 c5 8.
Bb5+ Nc6 9. O-O O-O 10. Be3 cxd4 11. cxd4 Bg4 12. Bxc6 bxc6 13. Rc1 Bxf3 14.
Qxf3 Bxd4 15. Rfd1 e5 16. Bh6 c5 17. Bxf8 Kxf8 18. Rxc5 Bxc5 19. Rxd8+ Rxd8 20.
Qe2 Rb8 21. h4 Bd4 22. h5 Rb2 23. Qc4 Kg7 24. hxg6 hxg6 25. Kh2 Rxf2 26. a4 Kf6
27. Qc8 Kg7 28. Qc6 Rb2 29. Qc4 Rb8 30. g3 Rb2+ 31. Kh3 Rf2 32. Kg4 Rg2 33. Kh3
Rg1 34. Kh2 Re1 35. Qd3 Re3 36. Qc2 Rc3 37. Qe2 Rb3 38. Kh3 Re3 39. Qc2 Kf6 40.
Kg4 Rc3 41. Qe2 Ra3 42. Qf1+ Kg7 43. Qb5 Rc3 44. Qe2 Re3 45. Qc2 Rxe4+ 0-1

[Event "DM i Hurtigskak 2021"]
[Site "Hvidovre"]
[Date "2021.11.28"]
[Round "3"]
[White "Bromann, Thorbjorn"]
[Black "Sorensen, Reto Utiger"]
[Result "1-0"]
[WhiteElo "2419"]
[BlackElo "2024"]
[PlyCount "93"]
[EventDate "2021.11.28"]
[EventType "swiss (rapid)"]
[EventRounds "7"]
[EventCountry "DEN"]

1. d4 d5 2. Bg5 Nd7 3. c4 c6 4. cxd5 cxd5 5. Nc3 Ngf6 6. Qa4 e6 7. Rc1 Be7 8.
Nb5 O-O 9. Bf4 Nb6 10. Qb3 Nc4 11. e3 Qa5+ 12. Nc3 Nd6 13. Bd3 Bd7 14. Nf3 b5
15. Ne5 Be8 16. a3 Nfe4 17. Ke2 f6 18. Nf3 Bd7 19. Nxd5 exd5 20. Qxd5+ Kh8 21.
Bxe4 Nxe4 22. Qxd7 Rfe8 23. Qd5 Bxa3 24. Qb3 Bd6 25. Bxd6 Nxd6 26. Nd2 Qb6 27.
Rc5 a5 28. Rhc1 Qb7 29. Qd5 Qxd5 30. Rxd5 Ra6 31. Rc7 h6 32. Rd7 Re6 33. Nb3
Ne4 34. f3 a4 35. Nc1 Nd6 36. Nd3 Nc4 37. Nc5 Rxe3+ 38. Kf2 Ra8 39. Rb7 a3 40.
bxa3 Raxa3 41. Rd8+ Kh7 42. Rdd7 Ra2+ 43. Kg3 Kg6 44. Rxg7+ Kh5 45. Rxb5 Nd6
46. Ne4+ Nxb5 47. Nxf6# 1-0

[Event "DM i Hurtigskak 2021"]
[Site "Hvidovre"]
[Date "2021.11.28"]
[Round "3"]
[White "Kristensen, Kaare Hove"]
[Black "Eriksson, Christian Altenburg"]
[Result "1/2-1/2"]
[WhiteElo "2277"]
[BlackElo "2078"]
[PlyCount "132"]
[EventDate "2021.11.28"]
[EventType "swiss (rapid)"]
[EventRounds "7"]
[EventCountry "DEN"]

1. c4 c5 2. Nf3 g6 3. e3 Nf6 4. d4 Bg7 5. Nc3 O-O 6. Be2 cxd4 7. exd4 d5 8. O-O
Nc6 9. Be3 dxc4 10. Bxc4 Na5 11. Be2 Be6 12. Qa4 a6 13. Ne5 b5 14. Qd1 Rc8 15.
Qd2 Nd5 16. Rac1 Nb6 17. b3 Nd5 18. Nxd5 Rxc1 19. Nxe7+ Qxe7 20. Rxc1 Nb7 21.
Rc6 Ra8 22. Qc1 Bxe5 23. dxe5 Bd5 24. Rc8+ Rxc8 25. Qxc8+ Kg7 26. Qc3 Qe6 27.
Bg5 h6 28. Bf6+ Kh7 29. Qc7 Bc6 30. Bf3 Bxf3 31. Qb8 g5 32. gxf3 Qd5 33. Qh8+
Kg6 34. Qg7+ Kh5 35. Kg2 Nc5 36. h4 Nd3 37. hxg5 Nf4+ 38. Kg3 Ne2+ 39. Kg2 Nf4+
40. Kg3 Ne2+ 41. Kh2 Qxf3 42. Qxf7+ Kg4 43. Qe6+ Kh5 44. Qh3+ Qxh3+ 45. Kxh3
hxg5 46. e6 Nf4+ 47. Kg3 Nxe6 48. Kf3 Kg6 49. Ba1 Kf5 50. Ke3 Nf4 51. Kd4 Ne2+
52. Kc5 Ke4 53. Bf6 g4 54. Kb6 Kf3 55. Bh4 Nc3 56. Kxa6 b4 57. Ka5 Nxa2 58. Kb5
Ke2 59. Kc5 Kd3 60. Kd5 Nc1 61. Ke5 Kc3 62. Kf5 Nd3 63. Kxg4 Kxb3 64. Be7 Kc3
65. Bxb4+ Kxb4 66. f4 Nxf4 1/2-1/2

[Event "DM i Hurtigskak 2021"]
[Site "Hvidovre"]
[Date "2021.11.28"]
[Round "3"]
[White "Nielsen, Viktor Haarmark"]
[Black "Jarlskov, Daniel Tuk Hartso"]
[Result "1-0"]
[WhiteElo "2241"]
[BlackElo "1940"]
[PlyCount "75"]
[EventDate "2021.11.28"]
[EventType "swiss (rapid)"]
[EventRounds "7"]
[EventCountry "DEN"]

1. e4 c6 2. d4 d5 3. Nd2 dxe4 4. Nxe4 Nd7 5. Ng5 Ngf6 6. Bd3 Nb6 7. c3 Bg4 8.
N5f3 e6 9. Qc2 Bd6 10. Bg5 Qc7 11. Bh4 Nbd5 12. Bg3 Nf4 13. Bxf4 Bxf4 14. Kf1
O-O 15. Re1 c5 16. Ne5 cxd4 17. Nxg4 Nxg4 18. Bxh7+ Kh8 19. Nf3 dxc3 20. bxc3
Rfd8 21. g3 Bh6 22. Bd3 Rac8 23. h3 Nf6 24. c4 b5 25. Ne5 bxc4 26. Bxc4 Rd2 27.
Qb3 Rb8 28. Nxf7+ Kh7 29. Bd3+ g6 30. Qxe6 Qb7 31. Rh2 Qf3 32. Ne5 Rxf2+ 33.
Rxf2 Qh1+ 34. Ke2 Rb2+ 35. Kd1 Rxf2 36. Qf7+ Bg7 37. Qxg6+ Kg8 38. Rxh1 1-0

[Event "DM i Hurtigskak 2021"]
[Site "Hvidovre"]
[Date "2021.11.28"]
[Round "3"]
[White "Iskos, Lukas"]
[Black "Kistrup, Nicolai"]
[Result "0-1"]
[WhiteElo "1902"]
[BlackElo "2229"]
[PlyCount "90"]
[EventDate "2021.11.28"]
[EventType "swiss (rapid)"]
[EventRounds "7"]
[EventCountry "DEN"]

1. d4 Nf6 2. Bf4 d5 3. e3 c5 4. Nf3 Qb6 5. Nbd2 Nc6 6. dxc5 Qxb2 7. Rb1 Qc3 8.
Bb5 e6 9. O-O Be7 10. e4 O-O 11. e5 Ne4 12. Bxc6 bxc6 13. Nxe4 dxe4 14. Nd2 e3
15. Bxe3 Qxe5 16. Nc4 Qd5 17. Qxd5 cxd5 18. Nd2 Ba6 19. Rfc1 e5 20. Nb3 Rfc8
21. Re1 f6 22. f4 exf4 23. Bd4 Kf7 24. Kf2 Bc4 25. Na5 Bxc5 26. Rb7+ Kg6 27.
Bxc5 Rxc5 28. Nxc4 Rxc4 29. Ree7 Rxc2+ 30. Kf3 Kf5 31. Rxg7 Rac8 32. Rb3 R8c3+
33. Rxc3 Rxc3+ 34. Kf2 Rc2+ 35. Kf3 Rxa2 36. Rxh7 Ra3+ 37. Ke2 a5 38. h4 a4 39.
h5 Re3+ 40. Kf2 a3 41. Ra7 Kg5 42. g4 Rg3 43. Ra5 Kxg4 44. Rxd5 Rb3 45. Ra5
Rb2+ 0-1